000 01112nas a2200349 4500
001 BR0305309
003 BR-BrBNA
005 20231205104135.0
007 ta
008 230509b bl.|||p| |||| 00| 00por d
040 _aBR-BrBNA
_bpor
_cBiblioteca Nacional de Agricultura
041 _a(Pt)
072 _aF61; F02
100 1 _aSilva. L.S. da
100 1 _aBohnen, H.
245 1 _aProdutividade e absorção de nutrientes pelo arroz cultivado em solução nutritiva com diferentes níveis de silício e cálcio
650 _aARROZ
650 _aSOLUÇÃO NUTRITIVA
650 _aSILÍCIO
650 _aCÁLCIO
650 _aDEFICIÊNCIA MINERAL
650 _aABSORÇÃO DE NUTRIENTES
650 _aPRODUÇÃO VEGETAL
650 _aMATÉRIA SECA
650 _aGRÃO
650 _aRENDIMENTO
650 _aMACROELEMENTO
773 0 _tRevista Brasileira de Agrociência (Brazil)
_xISSN 0104-8996
_g(Jan-Mar 2003), v. 9(1) p. 49-52
_wBR0305309
856 4 0 _uhttp://www.ufpel.tche.br/faem/agrociencia/v9n1/artigo09.htm
909 _a202311
_bLúcia
_c55
_dLúcia Elande
942 _2AGRIS
_n0
_cANA
999 _c176582
_d176582